[Event "World Rapid 2017"]
[Site "Riyadh KSA"]
[Date "2017.12.28"]
[Round "15.46"]
[White "Tregubov, Pavel V."]
[Black "Amin, Bassem"]
[Result "1/2-1/2"]
[WhiteTitle "GM"]
[BlackTitle "GM"]
[WhiteElo "2575"]
[BlackElo "2689"]
[WhiteFideId "4115341"]
[BlackFideId "10601457"]
[EventDate "2017.12.26"]

1. d4 Nf6 2. c4 g6 3. g3 Bg7 4. Bg2 O-O 5. Nc3 d6 6. Nf3 Nc6 7. O-O a6 8. Bf4
Rb8 9. Rc1 h6 10. d5 e5 11. Bd2 Ne7 12. e4 Nd7 13. Ne1 f5 14. Nd3 Nf6 15. f4
Nxe4 16. Nxe4 fxe4 17. Bxe4 exf4 18. Nxf4 g5 19. Ne6 Bxe6 20. dxe6 Rxf1+ 21.
Qxf1 Qf8 22. Qe2 Bd4+ 23. Kg2 Qg7 24. Rf1 Rf8 25. Rxf8+ Qxf8 26. Bxb7 Bxb2 27.
Ba5 Bd4 28. Bxc7 Bc5 29. Qf3 Nf5 30. Bd5 Kg7 31. Kh3 Qe8 32. Ba5 Bd4 33. Bb4 Ne3
34. Qf7+ Qxf7 35. exf7 Nxd5 36. Bxd6 g4+ 37. Kh4 Bf6+ 38. Kxg4 Ne7 39. Kh5 a5
40. a4 Kxf7 41. Bxe7 Kxe7 42. Kxh6 Kd6 43. h4 Kc5 44. Kg6 Bd4 45. g4 Kb4 46. c5
Bxc5 47. g5 Kxa4 48. Kf7 Kb4 49. g6 Bd4 50. h5 a4 51. h6 a3 52. g7 a2 53. g8=Q
a1=Q 54. Qb8+ Kc4 55. Qc8+ Kd3 56. Qf5+ 1/2-1/2

[Event "World Rapid 2017"]
[Site "Riyadh KSA"]
[Date "2017.12.28"]
[Round "15.47"]
[White "Socko, Bartosz"]
[Black "Dzhumagaliev, Yan"]
[Result "1-0"]
[WhiteTitle "GM"]
[BlackTitle "FM"]
[WhiteElo "2593"]
[BlackElo "2400"]
[WhiteFideId "1107038"]
[BlackFideId "24100110"]
[EventDate "2017.12.26"]

1. d4 Nf6 2. c4 e6 3. g3 Bb4+ 4. Bd2 Qe7 5. Bg2 Nc6 6. e3 e5 7. d5 Nb8 8. Ne2 a5
9. O-O Na6 10. Bc1 O-O 11. a3 Bc5 12. b3 d6 13. Bb2 Bf5 14. Nd2 Qd7 15. Nc3 Ba7
16. Nde4 Nxe4 17. Nxe4 Nc5 18. Nxc5 Bxc5 19. Qd2 b5 20. b4 Bb6 21. c5 dxc5 22.
Bxe5 axb4 23. axb4 c4 24. e4 Bg6 25. Bc3 Rae8 26. e5 Bd3 27. Rfe1 Qf5 28. Qf4
Qxf4 29. gxf4 f6 30. e6 Re7 31. Ra6 Rd8 32. d6 Ree8 33. Bc6 Bg6 34. Bxe8 Bxe8
35. d7 Bxd7 36. exd7 Rxd7 37. Kg2 Kf7 38. Ra2 Rd3 39. Rc1 Rd5 40. Rd2 Rf5 41.
Bd4 c5 42. Be3 Kg6 43. Ra1 Bc7 44. Ra7 c3 45. Rd7 cxb4 46. Rdxc7 Rd5 47. Rab7 h5
48. Kf3 h4 49. Ke4 1-0

[Event "World Rapid 2017"]
[Site "Riyadh KSA"]
[Date "2017.12.28"]
[Round "15.48"]
[White "Esipenko, Andrey"]
[Black "Georgiev, Kiril"]
[Result "1-0"]
[WhiteTitle "FM"]
[BlackTitle "GM"]
[WhiteElo "2564"]
[BlackElo "2623"]
[WhiteFideId "24175439"]
[BlackFideId "2900017"]
[EventDate "2017.12.26"]

1. d4 Nf6 2. c4 e6 3. Nf3 b6 4. g3 Ba6 5. Qc2 Bb4+ 6. Bd2 Be7 7. e4 d5 8. cxd5
Bxf1 9. Kxf1 exd5 10. e5 Ne4 11. Nc3 Nxd2+ 12. Qxd2 Qd7 13. Kg2 Nc6 14. Rac1 Nd8
15. Nd1 Ne6 16. Ne3 Rd8 17. h4 c5 18. Nf5 O-O 19. h5 Rfe8 20. h6 g6 21. Ng7 Rf8
22. Rcd1 f5 23. exf6 Bxf6 24. Nxe6 Qxe6 25. Rhe1 Qf5 26. Qe3 Rd7 27. dxc5 bxc5
28. b3 g5 29. Qe6+ Qxe6 30. Rxe6 d4 31. Rc6 Rd5 32. Ne1 Kf7 33. Nd3 Re8 34. Kf1
Re6 35. Rxc5 Rd7 36. Rc8 Rde7 37. Re1 Kg6 38. Rxe6 Rxe6 39. Rc7 Ra6 40. Nb4 Ra5
41. Rc6 g4 42. a4 Kf5 43. Nd3 Bg5 44. Ke2 Ke4 45. Rc7 Bxh6 46. Rxh7 Bg5 47. b4
Rf5 48. Rg7 a6 49. Rg6 Kd5 50. Rxa6 Bd8 51. Ra8 Bc7 52. Rg8 Rf7 53. Rxg4 Re7+
54. Kd2 Kc4 55. Rg6 Kd5 56. a5 Kc4 57. Rc6+ Kb5 58. Rc5+ Ka4 59. Rd5 Bb8 60. g4
Rg7 61. g5 Rf7 62. Rxd4 Ba7 63. Rd5 Rf8 64. f4 Bb8 65. g6 Rf6 66. f5 1-0

[Event "World Rapid 2017"]
[Site "Riyadh KSA"]
[Date "2017.12.28"]
[Round "15.49"]
[White "Dervishi, Erald"]
[Black "Christiansen, Johan-Sebastian"]
[Result "0-1"]
[WhiteTitle "GM"]
[BlackTitle "IM"]
[WhiteElo "2552"]
[BlackElo "2495"]
[WhiteFideId "4700236"]
[BlackFideId "1512668"]
[EventDate "2017.12.26"]

1. e4 e6 2. d4 d5 3. Nd2 Be7 4. Ngf3 Nf6 5. Bd3 c5 6. exd5 Qxd5 7. dxc5 Qxc5 8.
O-O O-O 9. Qe2 Qc7 10. Ne4 Nbd7 11. Bg5 h6 12. Bh4 Nd5 13. Bxe7 Nxe7 14. c4 b6
15. Rac1 Bb7 16. Rfd1 Rfd8 17. b4 Ng6 18. Qe3 Nde5 19. Nxe5 Qxe5 20. c5 Rxd3 21.
Rxd3 Bxe4 22. Rd4 Bd5 23. c6 Qc7 24. b5 Ne7 25. Qd2 Nf5 26. Rb4 Rd8 27. Qb2 Qd6
28. h3 e5 29. a4 Nd4 30. f4 Ne2+ 31. Qxe2 Qxb4 32. Rd1 Qc5+ 33. Qf2 Qe7 34. Qe3
e4 35. Rd4 Qc5 36. Kh2 Rc8 37. Qd2 Be6 38. Rxe4 Qe7 39. Rd4 Qc7 40. Kh1 Re8 41.
Qe3 Qe7 42. Re4 Rd8 43. Rd4 Rxd4 44. Qxd4 Qa3 45. Kh2 Qc1 46. Qe5 g6 47. Kg3 Kh7
48. Qc7 Qa3+ 49. Kh2 Qxa4 50. Qe5 Qc4 51. g4 Qc5 52. Qe2 Qd4 53. Kg3 Qc3+ 54.
Kh2 Qc1 55. Qf2 Qc5 56. Qe2 Qd6 57. Qe4 Qc5 58. Qe2 a6 59. bxa6 Qxc6 60. a7 b5
61. f5 Qc7+ 62. Kg2 Bd5+ 63. Kf1 Qxa7 64. fxg6+ fxg6 65. Qxb5 Qf7+ 66. Kg1 Bc4
67. Qc5 Qf1+ 68. Kh2 Qf4+ 69. Kg2 Bf7 70. Qe7 Qd2+ 71. Kg3 Qd3+ 72. Kh2 Qd5 73.
Kg3 Qe6 74. Qc7 Kg8 75. Qd8+ Qe8 76. Qd4 Qb8+ 77. Kg2 Qb7+ 78. Kg3 Qb3+ 79. Kh2
Bd5 80. Qf6 Qa2+ 81. Kg3 Qg2+ 82. Kh4 g5+ 83. Kh5 Qxh3+ 84. Kg6 Be4+ 0-1

[Event "World Rapid 2017"]
[Site "Riyadh KSA"]
[Date "2017.12.28"]
[Round "15.50"]
[White "Bosiocic, Marin"]
[Black "El Adnani, Mokliss"]
[Result "1-0"]
[WhiteTitle "GM"]
[BlackTitle "IM"]
[WhiteElo "2624"]
[BlackElo "2448"]
[WhiteFideId "14507927"]
[BlackFideId "9000410"]
[EventDate "2017.12.26"]

1. d4 Nf6 2. c4 g6 3. Nc3 d5 4. cxd5 Nxd5 5. e4 Nxc3 6. bxc3 Bg7 7. Nf3 c5 8.
Be3 O-O 9. Be2 cxd4 10. cxd4 Qa5+ 11. Bd2 Qa3 12. Rb1 Qxa2 13. O-O Qe6 14. Bd3
b6 15. Bb4 Ba6 16. Ba3 Rd8 17. d5 Qd7 18. h4 e6 19. d6 e5 20. h5 Bxd3 21. Qxd3
Nc6 22. hxg6 hxg6 23. g3 Rac8 24. Kg2 Na5 25. Rb5 Nc4 26. Rd5 b5 27. Bc5 a5 28.
Rb1 a4 29. Nd2 Qe6 30. Rxb5 Nxd2 31. Qxd2 Rd7 32. Ra5 Bf6 33. Qh6 Bg7 34. Qh3
Qxh3+ 35. Kxh3 f6 36. f4 exf4 37. gxf4 Kf7 38. f5 gxf5 39. exf5 Rh8+ 40. Kg4 Rc8
41. Rxa4 Bf8 42. Ra6 Rb8 43. Kf4 Re8 44. Ra7 Bh6+ 45. Kf3 Rd8 46. Rxd7+ Rxd7 47.
Rd1 Ke8 48. Re1+ Kd8 49. Rh1 Bg7 50. Ke4 Rb7 51. Kd5 Ke8 52. Kc6 Rf7 53. Re1+
Kd8 54. Bb6+ 1-0

[Event "World Rapid 2017"]
[Site "Riyadh KSA"]
[Date "2017.12.28"]
[Round "15.51"]
[White "Ibrahimov, Rasul"]
[Black "Bukannan, Ahmed A"]
[Result "1-0"]
[WhiteTitle "GM"]
[WhiteElo "2518"]
[BlackElo "1929"]
[WhiteFideId "13400495"]
[BlackFideId "21504164"]
[EventDate "2017.12.26"]

1. Nf3 Nf6 2. c4 c5 3. Nc3 Nc6 4. g3 g6 5. Bg2 Bg7 6. d4 cxd4 7. Nxd4 O-O 8. O-O
Nxd4 9. Qxd4 d6 10. Qd3 Bf5 11. e4 Be6 12. Bd2 a6 13. b3 Qc7 14. a4 Nd7 15. Rab1
Rac8 16. Rfc1 Nc5 17. Qe3 Bd7 18. Nd5 Qd8 19. a5 Bc6 20. Nb6 Rb8 21. b4 Ne6 22.
Bc3 Bxc3 23. Rxc3 Nc7 24. Rd1 Na8 25. c5 Nxb6 26. axb6 Re8 27. Rcd3 Ra8 28. e5
Bxg2 29. Kxg2 Qd7 30. exd6 exd6 31. Rxd6 Rxe3 32. Rxd7 Re4 33. Rxb7 Rxb4 34. c6
Kg7 35. c7 1-0

[Event "World Rapid 2017"]
[Site "Riyadh KSA"]
[Date "2017.12.28"]
[Round "15.52"]
[White "Van Foreest, Jorden"]
[Black "Khenkin, Igor"]
[Result "1-0"]
[WhiteTitle "GM"]
[BlackTitle "GM"]
[WhiteElo "2629"]
[BlackElo "2554"]
[WhiteFideId "1039784"]
[BlackFideId "4659600"]
[EventDate "2017.12.26"]

1. e4 c6 2. d4 d5 3. Nc3 dxe4 4. Nxe4 Bf5 5. Ng3 Bg6 6. h4 h6 7. Nh3 Nf6 8. Bc4
Nbd7 9. Nf4 Bh7 10. O-O e6 11. Re1 Bd6 12. Nxe6 fxe6 13. Rxe6+ Be7 14. Nh5 Nxh5
15. Qxh5+ Kf8 16. Rf6+ 1-0

[Event "World Rapid 2017"]
[Site "Riyadh KSA"]
[Date "2017.12.28"]
[Round "15.53"]
[White "Khader, Sami"]
[Black "Ivanchuk, Vassily"]
[Result "0-1"]
[WhiteTitle "IM"]
[BlackTitle "GM"]
[WhiteElo "2392"]
[BlackElo "2726"]
[WhiteFideId "8100500"]
[BlackFideId "14100010"]
[EventDate "2017.12.26"]

1. e4 c6 2. c4 d5 3. cxd5 cxd5 4. exd5 Nf6 5. Qa4+ Nbd7 6. Nc3 g6 7. d4 Bg7 8.
Nge2 O-O 9. Nf4 Nb6 10. Qb3 a5 11. a4 Qd6 12. Be2 Rd8 13. O-O Nfxd5 14. Nfxd5
Nxd5 15. Bc4 Be6 16. Ne4 Qb4 17. Nc5 Qxb3 18. Bxb3 Bc8 19. Rd1 b6 20. Ne4 Bb7
21. Nc3 Rac8 22. Nb5 Ba6 23. Be3 Nxe3 24. fxe3 e5 25. d5 Bxb5 26. axb5 Bf8 27.
Rac1 Bc5 28. Kf2 Kf8 29. Ke2 Ke7 30. g4 f6 31. h3 Rh8 32. Bc2 Rcg8 33. Bb3 Kd6
34. Rf1 Rf8 35. Rf2 h5 36. Rcf1 Ke7 37. Bc2 hxg4 38. hxg4 Rh4 39. Rg2 Kf7 40.
Bd3 Kg7 41. Bc2 Rfh8 42. Rgf2 Rf8 43. Rg2 Rh3 44. Rf3 Rxf3 45. Kxf3 Rh8 46. Re2
Rh3+ 47. Kg2 Rh4 48. Kg3 Rh1 49. Be4 Rg1+ 50. Kf3 Rd1 51. Kf2 Kh6 52. Re1 Rxe1
53. Kxe1 Bxe3 54. d6 Bc5 55. d7 Be7 56. Ke2 Kg5 57. Kf3 f5 58. gxf5 gxf5 59. Bd5
a4 60. Be6 e4+ 61. Ke3 Kf6 62. Ba2 Ke5 63. Bb1 Bg5+ 64. Ke2 Ke6 65. Bc2 Kxd7 66.
Bxa4 Kd6 67. Bb3 Bc1 68. Bf7 Bxb2 69. Ke3 Ke5 70. Be8 Bd4+ 71. Ke2 Bc5 72. Bh5
f4 73. Bg4 f3+ 0-1

[Event "World Rapid 2017"]
[Site "Riyadh KSA"]
[Date "2017.12.28"]
[Round "15.54"]
[White "Al Ghamdi, Ahmed M"]
[Black "Inarkiev, Ernesto"]
[Result "0-1"]
[WhiteTitle "CM"]
[BlackTitle "GM"]
[WhiteElo "2159"]
[BlackElo "2689"]
[WhiteFideId "21500150"]
[BlackFideId "4162722"]
[EventDate "2017.12.26"]

1. e4 c5 2. Nf3 e6 3. d4 cxd4 4. Nxd4 Nc6 5. Nb5 d6 6. c4 Nf6 7. N1c3 a6 8. Na3
Be7 9. Nc2 O-O 10. Be2 b6 11. O-O Bb7 12. Be3 Rc8 13. f3 Ne5 14. Na4 Nxc4 15.
Bxc4 Rxc4 16. Bxb6 Qc8 17. Na3 Rc6 18. Be3 Qc7 19. Rc1 d5 20. Qb3 dxe4 21. Rxc6
Bxc6 22. Rc1 exf3 23. gxf3 Nd5 24. Bf2 Bxa4 0-1

[Event "World Rapid 2017"]
[Site "Riyadh KSA"]
[Date "2017.12.28"]
[Round "15.55"]
[White "Naiditsch, Arkadij"]
[Black "Lodhi, Mahmood"]
[Result "1-0"]
[WhiteTitle "GM"]
[BlackTitle "IM"]
[WhiteElo "2705"]
[BlackElo "2347"]
[WhiteFideId "4650891"]
[BlackFideId "7800010"]
[EventDate "2017.12.26"]

1. e4 e5 2. Nf3 Nc6 3. Nc3 Nf6 4. Bb5 Nd4 5. Bc4 c6 6. O-O Bc5 7. Nxe5 O-O 8.
Nxf7 Rxf7 9. Bxf7+ Kxf7 10. e5 Nd5 11. Nxd5 cxd5 12. c3 Ne6 13. d4 Bb6 14. f4
Qh4 15. f5 Nf8 16. Rf4 Qe7 17. Be3 Kg8 18. Qf3 Qf7 19. Rf1 a5 20. e6 Qf6 21. e7
Qxe7 22. f6 gxf6 23. Rxf6 Ng6 24. Bh6 1-0

[Event "World Rapid 2017"]
[Site "Riyadh KSA"]
[Date "2017.12.28"]
[Round "15.56"]
[White "Sanal, Vahap"]
[Black "Omar, Noaman"]
[Result "0-1"]
[WhiteTitle "GM"]
[BlackTitle "IM"]
[WhiteElo "2551"]
[BlackElo "2364"]
[WhiteFideId "6300545"]
[BlackFideId "9300244"]
[EventDate "2017.12.26"]

1. e4 c6 2. d4 d5 3. exd5 cxd5 4. c4 Nf6 5. Nc3 g6 6. Qb3 Bg7 7. cxd5 O-O 8. Be2
Nbd7 9. Bf3 Nb6 10. Nge2 Bf5 11. O-O Bd3 12. Qd1 Bxe2 13. Qxe2 Nbxd5 14. Bd2 e6
15. Rac1 Qd7 16. g3 Rac8 17. Rfd1 a6 18. a3 b5 19. Be1 Rfe8 20. Rc2 Nxc3 21.
bxc3 Rc4 22. Qd2 Rec8 23. Be2 Ra4 24. Qc1 Bf8 25. Rd3 Bxa3 26. Qg5 Be7 27. Qc1
Nd5 28. h4 Rac4 29. Rf3 R4c6 30. h5 Qd8 31. hxg6 hxg6 32. Bd3 Bg5 33. Qa1 Nb4
34. Re2 Nxd3 35. Rxd3 Bf6 36. Ra2 Qd6 37. Bd2 Kg7 38. Rf3 Qd5 39. Kg2 Rh8 40.
Ra3 Qh5 41. Re3 Qh3+ 42. Kf3 Rh5 43. Ke2 Qg4+ 44. Kd3 Qf5+ 45. Ke2 Rh2 46. Qg1
Qg4+ 47. Kd3 Qh3 48. g4 Qh4 49. Rg3 Be7 50. Ra2 Bd6 51. f4 g5 52. d5 Rc4 53.
dxe6 gxf4 54. Bxf4 Qh7+ 55. Ke3 Qe4# 0-1

[Event "World Rapid 2017"]
[Site "Riyadh KSA"]
[Date "2017.12.28"]
[Round "15.57"]
[White "Saeed, Ishaq"]
[Black "Dobrov, Vladimir"]
[Result "1-0"]
[WhiteTitle "FM"]
[BlackTitle "GM"]
[WhiteElo "2434"]
[BlackElo "2515"]
[WhiteFideId "9301453"]
[BlackFideId "4136594"]
[EventDate "2017.12.26"]

1. d4 Nf6 2. c4 c5 3. d5 b5 4. cxb5 a6 5. bxa6 g6 6. Nc3 Bg7 7. e4 O-O 8. e5 Ne8
9. Nf3 d6 10. Bf4 Bg4 11. exd6 Nxd6 12. Be2 Qb6 13. Na4 Qa7 14. O-O Nxa6 15. Rc1
Nb4 16. b3 Bd7 17. a3 Na2 18. Rc2 c4 19. Bxc4 Nxc4 20. Rxc4 Bb5 21. Rc7 Qa5 22.
Rc5 Qa6 23. Re1 Rfe8 24. Rc2 Bxa4 25. Rxa2 Bb5 26. Be5 Bh6 27. a4 Bd7 28. h3 Qb7
29. Rb2 Ra5 30. d6 Rd5 31. Qa1 Rd3 32. Nd4 f6 33. Qb1 Bxh3 34. gxh3 Rxh3 35. Bh2
Bf4 36. f3 Qb4 37. Qe4 Rxh2 38. Rxh2 Bxh2+ 39. Kxh2 Qxd6+ 40. Kg2 Kg7 41. Ne6+
Kh8 42. b4 Rc8 43. Nc5 e5 44. a5 h5 45. Re2 Re8 46. a6 f5 47. Qd3 Qf6 48. Qd2 f4
49. Kg1 Rd8 50. Qc1 Kh7 51. Qe1 e4 52. Rxe4 Qg5+ 53. Kh2 Qf6 54. Ne6 Rc8 55. Nc5
Rd8 56. a7 Kh6 57. Re5 Ra8 58. Re7 Qb2+ 59. Kh1 Rd8 60. Rd7 Rc8 61. Qe7 Qb1+ 62.
Kg2 Qc2+ 63. Kg1 Qb1+ 64. Kf2 Qb2+ 65. Kf1 Qa1+ 66. Qe1 Qa3 67. Kg2 Ra8 68. Qd2
Rf8 69. Ne6 Rf5 70. Nxf4 Rg5+ 71. Kf2 Qa1 72. Nh3 1-0

[Event "World Rapid 2017"]
[Site "Riyadh KSA"]
[Date "2017.12.28"]
[Round "15.58"]
[White "Al-Saffar, Araz Basim Mohammed S"]
[Black "Masrahi, Abdulrahman A"]
[Result "1-0"]
[WhiteTitle "IM"]
[BlackTitle "CM"]
[WhiteElo "2368"]
[BlackElo "1962"]
[WhiteFideId "4801040"]
[BlackFideId "21501564"]
[EventDate "2017.12.26"]

1. d4 d5 2. c4 c6 3. Nf3 Nf6 4. e3 a6 5. Bd3 b5 6. b3 Bg4 7. Nbd2 Nbd7 8. O-O e6
9. h3 Bh5 10. Bb2 Be7 11. Qc2 O-O 12. Ne5 Rc8 13. f4 bxc4 14. bxc4 c5 15. Qa4
cxd4 16. exd4 dxc4 17. Ndxc4 Nxe5 18. fxe5 Nd5 19. Rac1 Bg5 20. Rce1 Nf4 21. Bb1
Be2 22. Nd6 Bxf1 23. Rxf1 Ne2+ 24. Kf2 Qb6 25. Qb3 Rb8 26. Kxe2 Qxb3 27. axb3
Rxb3 28. Bc1 Rxb1 29. Bxg5 Rxf1 30. Kxf1 Rb8 31. Bd2 Rb2 32. Ke2 f6 33. g4 Rb3
34. h4 Rg3 35. exf6 gxf6 36. Ne4 Rg2+ 37. Kf3 Rh2 38. Kg3 Re2 39. Kf3 Rh2 40. h5
f5 41. gxf5 exf5 42. Nf2 Rxh5 43. d5 Kf7 44. d6 Ke6 45. Bf4 a5 46. Nd3 Rh3+ 47.
Ke2 Rxd3 48. Kxd3 h5 49. Kc4 Kd7 50. Kb5 h4 51. Kxa5 Kc6 52. Kb4 Kd7 53. Kc5 1-0

[Event "World Rapid 2017"]
[Site "Riyadh KSA"]
[Date "2017.12.28"]
[Round "15.59"]
[White "Al Jabri, Mohammed Ali"]
[Black "Tissir, Mohamed"]
[Result "1-0"]
[BlackTitle "IM"]
[WhiteElo "2154"]
[BlackElo "2381"]
[WhiteFideId "7604734"]
[BlackFideId "9000240"]
[EventDate "2017.12.26"]

1. e4 c5 2. d4 e6 3. Nf3 cxd4 4. c3 d3 5. Bxd3 d6 6. O-O Nd7 7. c4 a6 8. Nc3
Ngf6 9. Be3 b6 10. a3 Be7 11. Rc1 Bb7 12. b4 O-O 13. h3 Rc8 14. Qe2 Qc7 15. Rfd1
Qb8 16. Nd2 Rfe8 17. f4 g6 18. Qf2 Bd8 19. Be2 Qa8 20. Bd3 Bc7 21. Re1 Qb8 22.
g4 Qa8 23. Qe2 d5 24. e5 dxc4 25. Nxc4 Nd5 26. Bd2 b5 27. Nd6 Bxd6 28. exd6 Rxc3
29. Rxc3 Qb8 30. Rc2 Qxd6 31. Rf1 e5 32. fxe5 Nxe5 33. Be4 Nc4 34. Qf3 Rxe4 35.
Qxe4 Qg3+ 36. Qg2 Qd3 37. Qf3 Qd4+ 38. Qf2 Qg7 39. Bc1 f5 40. g5 Qc7 41. Re2 Nd6
42. Bb2 Nc3 43. Bxc3 Qxc3 44. Qe3 Qc7 45. Qe6+ Kf8 46. Rfe1 Ne4 47. Re3 Nxg5 48.
Qe8+ Kg7 49. Re7+ 1-0

[Event "World Rapid 2017"]
[Site "Riyadh KSA"]
[Date "2017.12.28"]
[Round "15.60"]
[White "Abdyjapar, Asyl"]
[Black "Lam, Daniel King-wai"]
[Result "1-0"]
[WhiteTitle "IM"]
[BlackTitle "FM"]
[WhiteElo "2382"]
[BlackElo "2222"]
[WhiteFideId "13800337"]
[BlackFideId "6001238"]
[EventDate "2017.12.26"]

1. d4 e6 2. c4 c5 3. d5 exd5 4. cxd5 d6 5. Nc3 g6 6. e4 Bg7 7. f4 Ne7 8. Nf3 O-O
9. Bd3 a6 10. a4 Bg4 11. O-O Nd7 12. h3 Bxf3 13. Qxf3 f5 14. Bd2 fxe4 15. Nxe4
Ne5 16. Qe2 Nxd3 17. Qxd3 Bxb2 18. Rab1 Bd4+ 19. Kh1 Qd7 20. Ng5 Nxd5 21. Qc4
Qc6 22. Ne6 Rf7 23. a5 Be3 24. Ng5 b5 25. axb6 Bxd2 26. Nxf7 Kxf7 27. Rfd1 Bxf4
28. Rxd5 Kg7 29. Rf1 Be5 30. Rf7+ Kh8 31. Qh4 Bg7 32. Rd1 Qxb6 33. Re1 Qb2 34.
Ree7 Rg8 35. Qe4 a5 36. h4 Qa1+ 37. Kh2 a4 38. Kh3 a3 39. Re8 Qc3+ 40. g3 Be5
41. Rxg8+ Kxg8 42. Rf3 Qa5 43. Qd5+ Kg7 44. Qf7+ Kh6 45. Qf8+ 1-0

[Event "World Rapid 2017"]
[Site "Riyadh KSA"]
[Date "2017.12.28"]
[Round "15.61"]
[White "Al Abdali, Zeyad Saleh"]
[Black "Al Habeeb, Emad"]
[Result "0-1"]
[WhiteElo "1801"]
[BlackElo "1933"]
[WhiteFideId "21501505"]
[BlackFideId "21500029"]
[EventDate "2017.12.26"]

1. d4 d6 2. c4 Nf6 3. Nf3 c6 4. Nc3 Qc7 5. Bg5 Nbd7 6. h3 e5 7. e3 Be7 8. Qc2
exd4 9. exd4 O-O 10. Bd3 Re8 11. O-O-O Nf8 12. g4 a6 13. Bf4 Qa5 14. g5 Nh5 15.
Bd2 Qd8 16. Ne4 d5 17. Ng3 Nxg3 18. fxg3 dxc4 19. Bxc4 Be6 20. Rdf1 Bxc4 21.
Qxc4 Ne6 22. h4 b5 23. Qb3 a5 24. Ne5 a4 25. Qf3 Rf8 26. Qg4 Qxd4 27. Bf4 a3 28.
Qe2 axb2+ 29. Qxb2 Ba3 30. Rh2 Nxf4 31. gxf4 Bxb2+ 32. Rxb2 Ra3 33. Kb1 Re8 34.
Nxc6 Qe4+ 35. Rc2 Rc3 36. Rc1 0-1

[Event "World Rapid 2017"]
[Site "Riyadh KSA"]
[Date "2017.12.28"]
[Round "15.62"]
[White "Al Omary, Ahmed"]
[Black "Miswadah, Baha"]
[Result "0-1"]
[WhiteElo "1875"]
[BlackElo "1877"]
[WhiteFideId "21500207"]
[BlackFideId "11502118"]
[EventDate "2017.12.26"]

1. d4 Nf6 2. c4 e6 3. Nc3 Bb4 4. Bg5 c5 5. Nf3 cxd4 6. Nxd4 O-O 7. e3 Qa5 8.
Bxf6 Bxc3+ 9. bxc3 Qxc3+ 10. Ke2 Qxc4+ 11. Kf3 Qd5+ 12. e4 Qh5+ 13. g4 Qg6 14.
Bh4 d5 15. Bd3 dxe4+ 16. Bxe4 f5 17. gxf5 exf5 18. Bd5+ Kh8 19. Bg3 f4 20. Kg2
fxg3 21. hxg3 Nc6 22. Rh4 Nxd4 23. Qxd4 Bf5 24. Rah1 Qf6 25. Bxb7 Rab8 26. Qxa7
Qe7 27. Rxh7+ Bxh7 0-1

[Event "World Rapid 2017"]
[Site "Riyadh KSA"]
[Date "2017.12.28"]
[Round "15.63"]
[White "Al-Hajiri, Bader"]
[Black "Al Bargi, Hassan M"]
[Result "1-0"]
[WhiteTitle "FM"]
[WhiteElo "2165"]
[BlackElo "1579"]
[WhiteFideId "10300163"]
[BlackFideId "21501475"]
[EventDate "2017.12.26"]

1. e4 d5 2. exd5 Qxd5 3. Nc3 Qd8 4. Bc4 Nf6 5. Nf3 e6 6. O-O a6 7. d4 b5 8. Bb3
Bb7 9. Re1 Be7 10. Bg5 Nbd7 11. d5 Nxd5 12. Bxd5 c6 13. Bxe6 fxe6 14. Rxe6 Nf6
15. Qe2 Bc8 16. Rd1 Qc7 17. Re3 Bg4 18. Re1 O-O 19. Rxe7 Qb6 20. Rxg7+ Kxg7 21.
Qe7+ Kg6 22. Bxf6 Rxf6 23. Nh4+ Kg5 24. Ne4+ 1-0

[Event "World Rapid 2017"]
[Site "Riyadh KSA"]
[Date "2017.12.28"]
[Round "15.64"]
[White "Alanazy, Mohammed"]
[Black "Salama, Taher"]
[Result "1/2-1/2"]
[WhiteElo "1850"]
[BlackElo "1769"]
[WhiteFideId "21508488"]
[BlackFideId "11502231"]
[EventDate "2017.12.26"]

1. e4 c5 2. f4 d5 3. exd5 Qxd5 4. Nf3 Nc6 5. Nc3 Qd8 6. d3 Nf6 7. Be3 e6 8. Qd2
Be7 9. O-O-O Nd5 10. Nxd5 exd5 11. Ne5 d4 12. Bxd4 cxd4 13. Nf3 O-O 14. h3 Be6
15. a3 Rc8 16. Qf2 b5 17. g4 b4 18. f5 Bd5 19. a4 b3 20. Bg2 Nb4 21. c4 dxc3 22.
bxc3 Rxc3+ 23. Kb1 Qa5 24. Nd4 Rc2 25. Rd2 Qxa4 26. Rxc2 bxc2+ 27. Nxc2 Qb3+ 28.
Kc1 Nxd3+ 1/2-1/2

[Event "World Rapid 2017"]
[Site "Riyadh KSA"]
[Date "2017.12.28"]
[Round "15.65"]
[White "Al Zamel, Khaled"]
[Black "Alem, Ali Hussien"]
[Result "0-1"]
[WhiteElo "1942"]
[BlackElo "1745"]
[WhiteFideId "21500967"]
[BlackFideId "21500088"]
[EventDate "2017.12.26"]

1. e4 c5 2. Nf3 d6 3. d3 g6 4. g3 Bg7 5. Bg2 Nc6 6. O-O Nf6 7. Nbd2 O-O 8. Re1
Be6 9. Nf1 h6 10. h4 Qd7 11. N1h2 Bh3 12. Bh1 e5 13. Be3 Nh5 14. Qd2 Kh7 15. c3
f5 16. exf5 Bxf5 17. Rad1 Nf6 18. d4 cxd4 19. cxd4 e4 20. d5 Ne7 21. Nd4 Nfxd5
22. Nxf5 Qxf5 23. Bd4 e3 24. Bxe3 Nxe3 25. Rxe3 Nc6 26. Be4 Qf6 27. h5 Ne5 28.
Qxd6 Qxf2+ 29. Kh1 Qxe3 30. Bxg6+ Nxg6 31. Qxg6+ Kh8 32. Rd7 Qe1+ 33. Kg2 Qf2+
34. Kh3 Qf5+ 35. Qxf5 Rxf5 36. g4 Rb5 37. b3 Rf8 38. Rd2 Be5 39. Kg2 Bxh2 40.
Kxh2 Kg7 41. Rd7+ Kf6 42. Rh7 Kg5 43. Rg7+ Kh4 44. Kg2 Ra5 45. a4 Rc5 46. Re7
Rc2+ 47. Kg1 Kg3 48. Re3+ Rf3 49. Re1 Rg2+ 50. Kh1 Rgf2 51. Kg1 Kxg4 52. Re4+
Kg3 53. Re1 Rxb3 54. a5 Rfb2 55. a6 Rb1 56. Kf1 Rxe1+ 57. Kxe1 b5 58. Kd1 b4 59.
Kc2 Rc3+ 60. Kb2 Kg4 61. Ka2 Kxh5 62. Kb2 Kg4 0-1

[Event "World Rapid 2017"]
[Site "Riyadh KSA"]
[Date "2017.12.28"]
[Round "15.66"]
[White "Al Mahmood, Salman"]
[Black "Al Saidi, Mohammed Khalfan"]
[Result "0-1"]
[WhiteElo "1593"]
[BlackElo "1468"]
[WhiteFideId "11201517"]
[BlackFideId "22001271"]
[EventDate "2017.12.26"]

1. e4 c5 2. Nf3 Nc6 3. d4 cxd4 4. Nxd4 Nf6 5. Nc3 e5 6. Nb3 Bb4 7. Bd3 d5 8.
exd5 Nxd5 9. Bd2 Nxc3 10. bxc3 Be7 11. O-O O-O 12. Qe2 Bf6 13. Be3 b6 14. Rad1
Qc7 15. Nd2 g6 16. Bh6 Bg7 17. Bxg7 Kxg7 18. Ne4 f5 19. Ng5 h6 20. Nh3 Na5 21.
Qe1 Bb7 22. f3 Rac8 23. c4 Rce8 24. Qc3 Kh7 25. Rfe1 Qc5+ 26. Kh1 Re7 27. Bf1
Bc6 28. Rd2 Nb7 29. Rde2 Rfe8 30. Re3 Nd6 31. f4 Ne4 32. Qd3 Rd7 33. Qb3 Rd2 34.
fxe5 Qxe5 35. Bd3 Qh8 36. Qb4 Nf2+ 37. Nxf2 Rxf2 38. Re7+ Rxe7 39. Qxe7+ Qg7 40.
Qxg7+ Kxg7 41. Re7+ Kf6 42. Rxa7 Ke5 43. Re7+ Kd6 44. Rg7 Rxg2 45. Rf7 Rg4+ 46.
Be4 Bxe4# 0-1

[Event "World Rapid 2017"]
[Site "Riyadh KSA"]
[Date "2017.12.28"]
[Round "15.67"]
[White "Al Juhani, Bakr"]
[Black "Amer, Said Salim Al Maashani"]
[Result "1-0"]
[BlackTitle "FM"]
[WhiteElo "1854"]
[BlackElo "2103"]
[WhiteFideId "21500185"]
[BlackFideId "22000100"]
[EventDate "2017.12.26"]

1. e4 c6 2. d4 d5 3. exd5 cxd5 4. Bd3 Nc6 5. c3 Qc7 6. h3 Nf6 7. Nf3 e6 8. Bg5
Be7 9. Nbd2 O-O 10. O-O e5 11. dxe5 Nxe5 12. Nxe5 Qxe5 13. Nf3 Qd6 14. Qd2 Ne4
15. Bxe4 dxe4 16. Bxe7 Qxe7 17. Nd4 b6 18. Rfe1 Bb7 19. Qf4 Rae8 20. Re3 Qe5 21.
Qh4 f5 22. f4 Qc5 23. Rae1 a5 24. g4 fxg4 25. hxg4 Rxf4 26. Rh3 h6 27. Ree3 Bc8
28. Rhg3 Ref8 29. Re1 Qc4 30. Ne2 Qc5+ 31. Nd4 e3 32. Ne2 1-0